[Event "Oberliga Nord W 2122"]
[Site "Germany"]
[Date "2022.05.01"]
[Round "9.2"]
[White "Cevik, Dietmar"]
[Black "Hartogh, Christian"]
[Result "1-0"]
[WhiteElo "2197"]
[BlackElo "2124"]
[PlyCount "113"]
[EventDate "2021.10.10"]
[EventType "team-tourn"]
[EventRounds "9"]
[EventCountry "GER"]
[SourceTitle "EXT 2023"]
[Source "ChessBase"]
[SourceDate "2022.10.05"]
[SourceVersion "1"]
[SourceVersionDate "2022.10.05"]
[SourceQuality "1"]
[WhiteTeam "Salzgitter"]
[BlackTeam "Lehrte"]
[WhiteTeamCountry "GER"]
[BlackTeamCountry "GER"]

1. Nf3 c5 2. c4 Nf6 3. e3 Nc6 4. Be2 d5 5. cxd5 Nxd5 6. 0-0 e6 7. Nc3 Be7 8. d4 cxd4 9. exd4 0-0 10. a3 a6 11. Re1 Nxc3 12. bxc3 b5 13. Bd3 Bb7 14. Qc2 h6 15. Bh7+ Kh8 16. Be4 Rc8 17. Bf4 Bf6 18. Qd2 h5 19. a4 Ba8 20. axb5 Na5 21. Qa2 Bxe4 22. Rxe4 Qd5 23. Qxd5 exd5 24. Re3 Nc4 25. bxa6 Nxe3 26. fxe3 Rxc3 27. a7 Ra8 28. Kf2 Bd8 29. Bb8 f6 30. Rb1 Rc6 31. Rb7 Ra6 32. Nh4 Bb6 33. Ng6+ Kh7 34. Nf4 Bxa7 35. Bc7 Ra4 36. Kf3 Bxd4 37. exd4 Rxd4 38. Bd6 Kh6 39. Ne6 Rc4 40. Nxg7 Rc3+ 41. Kf4 Rc4+ 42. Kf5 Ra6 43. Bf8 Kh7 44. Nxh5+ Kg8 45. Be7 Rc2 46. g4 Rxh2 47. Nxf6+ Kh8 48. Kg6 Ra8 49. Bd6 Rh1 50. Be5 d4 51. Nd7+ Kg8 52. Bg7 Rf1 53. Nf6+ Rxf6+ 54. Bxf6 Rf8 55. Rg7+ Kh8 56. Rh7+ Kg8 57. Rh8# 1-0

[Event "Oberliga Nord W 2122"]
[Site "Germany"]
[Date "2021.12.12"]
[Round "4.2"]
[White "Gronde, Ingo"]
[Black "Cevik, Dietmar"]
[Result "1-0"]
[WhiteElo "2233"]
[BlackElo "2197"]
[PlyCount "61"]
[EventDate "2021.10.10"]
[EventType "team-tourn"]
[EventRounds "9"]
[EventCountry "GER"]
[SourceTitle "EXT 2023"]
[Source "ChessBase"]
[SourceDate "2022.10.05"]
[SourceVersion "1"]
[SourceVersionDate "2022.10.05"]
[SourceQuality "1"]
[WhiteTeam "Hellern"]
[BlackTeam "Salzgitter"]
[WhiteTeamCountry "GER"]
[BlackTeamCountry "GER"]

1. e4 d6 2. d4 c6 3. Nc3 Nf6 4. Nf3 g6 5. a4 Bg7 6. Be2 0-0 7. 0-0 Qc7 8. Re1 e5 9. a5 Nbd7 10. Bf1 Re8 11. dxe5 dxe5 12. Nd2 Nc5 13. Nb3 Rd8 14. Qf3 Ne6 15. Bc4 Nd4 16. Nxd4 Rxd4 17. b3 Rd8 18. Bg5 Qe7 19. Rad1 Rxd1 20. Qxd1 h6 21. Be3 Ng4 22. h3 Nxe3 23. Rxe3 Bf6 24. Rd3 b5 25. axb6 axb6 26. Rd6 Bb7 27. Qd2 Bg5 28. Rd7 Qa3 29. Bxf7+ Kh8 30. Qd1 Qb2 31. Na4 1-0

[Event "Niedersachsen-ch op-A"]
[Site "Verden an der Aller"]
[Date "2020.01.03"]
[Round "3"]
[White "Evering, Soeren"]
[Black "Cevik, Dietmar"]
[Result "1/2-1/2"]
[WhiteElo "1915"]
[BlackElo "2239"]
[PlyCount "90"]
[EventDate "2020.01.02"]
[EventType "swiss"]
[EventRounds "7"]
[EventCountry "GER"]
[SourceTitle "EXT 2023"]
[Source "ChessBase"]
[SourceDate "2022.10.05"]
[SourceVersion "1"]
[SourceVersionDate "2022.10.05"]
[SourceQuality "1"]

1. e4 c6 2. d4 d5 3. e5 Bf5 4. h4 h6 5. g4 Bh7 6. e6 fxe6 7. Bd3 g6 8. Nf3 Nd7 9. Qe2 Qb6 10. g5 0-0-0 11. h5 gxh5 12. g6 c5 13. gxh7 Ngf6 14. c3 Nxh7 15. Bf4 Nhf6 16. Na3 Bg7 17. 0-0-0 c4 18. Bg6 Rdf8 19. Be5 Rhg8 20. Rdg1 Bh8 21. Bxf6 Rxf6 22. Bxh5 Rgf8 23. Rg2 Rf4 24. Nc2 e5 25. dxe5 Re4 26. Qd2 e6 27. Ncd4 Nxe5 28. Nxe5 Bxe5 29. Kb1 Bxd4 30. cxd4 Kb8 31. Rg4 e5 32. Rxe4 dxe4 33. dxe5 Rxf2 34. Qd6+ Qxd6 35. exd6 Rd2 36. Rd1 Rd3 37. Re1 Rxd6 38. Rxe4 b5 39. Kc2 Kc7 40. a4 a6 41. axb5 axb5 42. Re5 b4 43. Bf7 c3 44. bxc3 bxc3 45. Kxc3 Rf6 1/2-1/2

[Event "Niedersachsen-ch"]
[Site "Verden an der Aller"]
[Date "2020.01.02"]
[Round "1"]
[White "Benning, Michael"]
[Black "Cevik, Dietmar"]
[Result "1/2-1/2"]
[WhiteElo "1905"]
[BlackElo "2239"]
[PlyCount "83"]
[EventDate "2020.01.02"]
[EventType "swiss"]
[EventRounds "7"]
[EventCountry "GER"]
[SourceTitle "EXT 2021"]
[Source "ChessBase"]
[SourceDate "2020.10.23"]
[SourceVersion "1"]
[SourceVersionDate "2020.10.23"]
[SourceQuality "1"]

1. d4 d5 2. Bf4 Nf6 3. e3 e6 4. c3 Be7 5. Nd2 0-0 6. Bd3 b6 7. Qe2 c5 8. Ngf3 Bb7 9. Ne5 Nc6 10. Bg3 a6 11. f4 b5 12. 0-0 Qb6 13. Bh4 Qc7 14. g4 Nxe5 15. fxe5 Ne8 16. Bxe7 Qxe7 17. Qg2 f6 18. Qh3 g6 19. Qh4 Qg7 20. Nf3 fxe5 21. Nxe5 Nd6 22. Qg3 c4 23. Bc2 Qe7 24. Rxf8+ Rxf8 25. Rf1 Rxf1+ 26. Kxf1 a5 27. h4 b4 28. cxb4 axb4 29. Nf3 Ba6 30. Ke1 c3 31. b3 Bb5 32. Qe5 Nf7 33. Qb8+ Be8 34. Kf2 Kg7 35. Bd3 h6 36. Ke2 Bd7 37. Kf2 e5 38. Nxe5 Qxh4+ 39. Kf3 Bxg4+ 40. Nxg4 Ng5+ 41. Kf4 Ne6+ 42. Kf3 1/2-1/2

[Event "Niedersachsen-ch op-A"]
[Site "Verden an der Aller"]
[Date "2020.01.02"]
[Round "2"]
[White "Cevik, Dietmar"]
[Black "Poelig, Juergen"]
[Result "1-0"]
[WhiteElo "2239"]
[BlackElo "1846"]
[PlyCount "81"]
[EventDate "2020.01.02"]
[EventType "swiss"]
[EventRounds "7"]
[EventCountry "GER"]
[SourceTitle "EXT 2023"]
[Source "ChessBase"]
[SourceDate "2022.10.05"]
[SourceVersion "1"]
[SourceVersionDate "2022.10.05"]
[SourceQuality "1"]

1. d4 e6 2. c4 d5 3. Nf3 c5 4. cxd5 exd5 5. g3 Nc6 6. Bg2 Nf6 7. 0-0 Be7 8. Nc3 0-0 9. dxc5 Bxc5 10. Bg5 d4 11. Bxf6 Qxf6 12. Ne4 Qe7 13. Nxc5 Qxc5 14. Rc1 Qb6 15. Qc2 h6 16. Rfd1 Be6 17. b3 Rfd8 18. Qc5 Qa6 19. Rd2 Rd5 20. Qc2 Rad8 21. Qb2 Ra5 22. Rcd1 Qb6 23. Ne1 Bd5 24. e4 Be6 25. Nd3 Bg4 26. f3 Bh5 27. b4 Re5 28. Kh1 Ree8 29. Nf4 Bg6 30. Nd5 Rxd5 31. exd5 Nxb4 32. Qxd4 Qxd4 33. Rxd4 Nxa2 34. d6 Nc3 35. d7 Rd8 36. Rc1 Ne2 37. Rc8 Nxd4 38. Rxd8+ Kh7 39. Rh8+ Kxh8 40. d8Q+ Kh7 41. Qxd4 1-0

[Event "Oberliga Nord W 0708"]
[Site "Germany"]
[Date "2008.02.10"]
[Round "6.8"]
[White "Hampel, Felix"]
[Black "Cevik, Dietmar"]
[Result "0-1"]
[WhiteElo "1941"]
[BlackElo "2219"]
[PlyCount "66"]
[EventDate "2007.10.21"]
[EventType "team-tourn"]
[EventRounds "9"]
[EventCountry "GER"]
[SourceTitle "EXT 2009"]
[Source "ChessBase"]
[SourceDate "2008.11.26"]
[SourceVersion "1"]
[SourceVersionDate "2008.11.26"]
[SourceQuality "1"]
[WhiteTeam "Hannover Post"]
[BlackTeam "Salzgitter"]
[WhiteTeamCountry "GER"]
[BlackTeamCountry "GER"]

1. e4 c6 2. d4 d5 3. Nc3 dxe4 4. Nxe4 Nd7 5. Nf3 Ngf6 6. Bd3 Nxe4 7. Bxe4 Nf6 8. Bd3 Bg4 9. c3 Qd5 10. Qe2 e6 11. Be3 Bd6 12. h3 Bxf3 13. Qxf3 Qxf3 14. gxf3 Nh5 15. 0-0-0 f5 16. Rde1 Kf7 17. Rhg1 Bf4 18. Kc2 Kf6 19. c4 Rad8 20. Kc3 Rd7 21. Bc2 Rhd8 22. Rd1 g6 23. Rd2 e5 24. Rgd1 exd4+ 25. Bxd4+ Rxd4 26. Rxd4 Be5 27. c5 Nf4 28. Kc4 Rxd4+ 29. Rxd4 Bxd4 30. Kxd4 Nxh3 31. Ke3 Ke5 32. Bd3 Nf4 33. Bc4 h5 0-1

[Event "Oberliga Nord W 0708"]
[Site "Germany"]
[Date "2007.11.04"]
[Round "2.8"]
[White "Cevik, Dietmar"]
[Black "Schneider, Matthias"]
[Result "1-0"]
[WhiteElo "2219"]
[BlackElo "1980"]
[PlyCount "137"]
[EventDate "2007.10.21"]
[EventType "team-tourn"]
[EventRounds "9"]
[EventCountry "GER"]
[SourceTitle "EXT 2009"]
[Source "ChessBase"]
[SourceDate "2008.11.26"]
[SourceVersion "1"]
[SourceVersionDate "2008.11.26"]
[SourceQuality "1"]
[WhiteTeam "Salzgitter"]
[BlackTeam "Melle III"]
[WhiteTeamCountry "GER"]
[BlackTeamCountry "GER"]

1. Nf3 Nf6 2. g3 g6 3. Bg2 Bg7 4. 0-0 0-0 5. d4 d6 6. Nbd2 c6 7. c3 Qc7 8. a4 Nbd7 9. Nc4 Nb6 10. Na3 a5 11. Nd2 Be6 12. e4 d5 13. e5 Ng4 14. Nc2 Bf5 15. h3 Nh6 16. Ne3 Be6 17. b3 f6 18. exf6 exf6 19. Nf3 Rfe8 20. Bd2 Nc8 21. c4 Ne7 22. Re1 Qd7 23. Kh2 Nf7 24. c5 f5 25. Nc2 Kh8 26. Re2 Ng8 27. Qe1 Nf6 28. Bxa5 Ne4 29. Bd2 g5 30. Ng1 g4 31. Bf4 h5 32. f3 Neg5 33. h4 Nh7 34. Qd2 Nf6 35. Rae1 Qc8 36. Re3 gxf3 37. Bxf3 Ng4+ 38. Bxg4 fxg4 39. Be5 Nxe5 40. Rxe5 Bf7 41. Rxe8+ Bxe8 42. Ne2 Qf5 43. Nf4 Bh6 44. Nb4 Bg6 45. Re5 Bxf4 46. Qxf4 Qb1 47. Qf6+ Kg8 48. Qe6+ Kh8 49. Re1 Qf5 50. Qxf5 Bxf5 51. Kg1 Be4 52. Na2 Rf8 53. Re3 Kg7 54. Nc3 Bc2 55. b4 Rf7 56. a5 Bb3 57. Ne2 Rf3 58. Rxf3 gxf3 59. Nc3 Bc4 60. Kf2 Kg6 61. Kxf3 Kf5 62. Nd1 Bd3 63. Ne3+ Kg6 64. Kf4 Kf6 65. g4 Be2 66. gxh5 Bxh5 67. b5 Be2 68. a6 bxa6 69. b6 1-0